000 02576nam0a2200433 4500
001 RU\NLR\BIBL_A\011202229
005 20260408124025.0
020 _aRU
_9От Февраля к Октябрю: коллекция листовок/Рос. нац. б-ка
035 _a(NLR Aleph) 011202229
090 _a11929399
_c11929399
100 _a20160829d1917 |||y0rusy50 ca
101 0 _arus
102 _aRU
105 _ay z 000yy
135 _acrcn 024apada
200 1 _aПротокол 13 заседания Золотоношского Городского Общественного комитета 2 мая 1917 года
_e[листовка]
210 _aЗолотоноша [Полтавская губ.]
_cТип. Гольденберг
_d[1917, май, после 2]
215 _a[1] л.
_d36х22
300 _aПодпись: Председатель З. Рахмилевич. Секретарь Г. Гольдштейн [т.е. Гольштейн]
300 _aКоллекция листовок "От Февраля к Октябрю" (1 экз.)
325 1 _aКопия доступна в Электронной библиотеке РНБ
327 1 _aО постановке мучного дела в городе
540 1 _aО постановке мучного дела в городе
540 1 _aОт Февраля к Октябрю
_eлистовки
607 _aРоссия
_jЛистовки
_xИстория
_z1917
_92250871
_3RU\NLR\AUTH\661350120
686 0 _aТ3(2)524.2,011
686 0 _aТ3(2)711.1,011
702 1 _4720
_7ca
_8rus
_aРахмилевич
_bЗ.
_cдеятель местного самоуправления, председатель
_9162240
_3RU\NLR\AUTH\770162284
702 1 _4720
_7ca
_8rus
_aГольштейн
_bГ. В.
_cдеятель местного самоуправления, секретарь
_gГригорий Владимирович
_9162223
_3RU\NLR\AUTH\770162267
710 0 2 _aЗолотоношский городской общественный комитет
_bЗаседание
_d13
_f1917
_9528027
_3RU\NLR\AUTH\880431833
711 0 2 _aЗолотоношская городская продовольственная комиссия
_3RU\NLR\AUTH\880431836
_9528033
852 0 0 _aNLR
_bФл
_jXI/270
942 _cBOOK
980 _aNB
981 4 2 _a(42) 1917: от Февраля к Октябрю
_b(42) Листовки 1917 года